000 00533nam a2200229Ia 4500
003 OSt
005 20220924142554.0
006 a|||||r|||| 00| 0
007 ta
008 ASM
024 _a302434
037 _cTextual
040 _aARTS
_cARTS
_bASM
041 _2ASM
_aASM
082 _aO158,2NDAx, M2
100 _aDas Jugal
_9213642
245 0 _aBayanar khol
260 _c1982
650 _aASSAMESE LITERATURE
_911738
942 _hO158,2NDAx, M2
_cTEXL
_2CC
999 _c451142
_d451142